Functional differential equations : I, C*-theory
Αποθηκεύτηκε σε:
| Κύριος συγγραφέας: | |
|---|---|
| Άλλοι συγγραφείς: | |
| Μορφή: | Βιβλίο |
| Γλώσσα: | English |
| Δημοσίευση: |
Essex, England : New York :
Longman Scientific and Technical ; , Copublished in the U.S. with John Wiley,
1993
|
| Σειρά: | Pitman monographs and surveys in pure and applied mathematics ;
; 70 |
| Θέματα: | |
| Ετικέτες: |
Προσθήκη ετικέτας
Δεν υπάρχουν, Καταχωρήστε ετικέτα πρώτοι!
|
MARC
| LEADER | 00000nam a2200000 i 4500 | ||
|---|---|---|---|
| 001 | 1/74410 | ||
| 008 | 990604s1994 eng d | ||
| 020 | |a 0-582-07251-4 | ||
| 035 | |l 10049061 | ||
| 040 | |a GR-MY-UA |b gre |e aacr | ||
| 041 | 0 | |a eng | |
| 082 | 0 | |a 515.35 | |
| 100 | 1 | |a Antonevich, A. B. |q (Anatolii Borisovich) | |
| 245 | 1 | 0 | |a Functional differential equations : |b I, C*-theory / |c Anatolij Antonevich and Andrei Lebedev |
| 260 | |a Essex, England : |a New York : |b Longman Scientific and Technical ; , |b Copublished in the U.S. with John Wiley, |c 1993 | ||
| 300 | |a 504 p.; |b ill.; |c 25 cm. | ||
| 490 | 1 | |a Pitman monographs and surveys in pure and applied mathematics |v ; 70 | |
| 500 | |a Includes bibliographical references and index | ||
| 650 | 0 | 0 | |a Functional differential equations. |
| 650 | 0 | 0 | |a C*-algebras. |
| 700 | 1 | |a Lebedev, A. V. (Andrei V.) | |
| 830 | 0 | |a Pitman monographs and surveys in pure and applied mathematics ; |v ; 70 | |
| 852 | |a INST |b SAMOS |e 19990604 |h 515.35 ANT |p 005300012756 |q 005300012756 |t BK |y 0 | ||
| 901 | |a BIBL3-1999-2 | ||
| 909 | |a Σ |b 063972 | ||
| 922 | |a 3ΕΛΗ |b 199901 |c ΚΠΣ |d GLORY | ||
| 950 | |a 116-1998-08-10 | ||